000 01844nam a2200253Ia 4500
008 260220t1970||||xx |||||||||||||| ||spa||
040 _aPY-SlUNAC
_bspa
_erda
041 _aspa
082 _a510
_bP931e
100 _aPrice, Wilson T.
_eAutor
245 0 _aElementos de matemáticas de proceso de datos /
_cpor Wilson T. Price [Autor] y Merlin Miller [Autor]
264 _aCiudad de México :
_bContinental,
_c℗1970.
300 _a1 volumen
520 _a"Elementos de matemáticas de proceso de datos" de Wilson T. Price es un texto fundamental que aborda los principios matemáticos aplicables al análisis y procesamiento de datos. A través de una estructura clara y didáctica, el autor presenta conceptos esenciales como la teoría de conjuntos, álgebra booleana y probabilidades, estableciendo una base sólida para la comprensión de algoritmos y su implementación en el manejo de grandes volúmenes de información. Price enfatiza la importancia de las matemáticas en el desarrollo de sistemas de procesamiento de datos eficientes, destacando el papel que juegan en la toma de decisiones informadas y en la optimización de recursos. Además, el libro incluye ejemplos prácticos y ejercicios que facilitan la aplicación de los conceptos teóricos en contextos reales. En conjunto, esta obra no solo es un recurso valioso para estudiantes y profesionales en el campo de la informática y la estadística, sino que también contribuye al entendimiento de los fundamentos matemáticos que sustentan la tecnología moderna.
653 _aEstadística
653 _aMatemáticas
653 _aProcesamiento de datos
700 _aMiller, Merlin
_eAutor
942 _b2026/02/17
_cBK
999 _c7361
_d7361